000 06641nam a22006257a 4500
005 20090121100857.0
008 090121t xxu||||| |||| 00| 1 eng d
010 _aB-358966
020 _a8130406101
_c135.00
020 _a9788130406107
_c135.00
035 _aB-358966
035 _aB-343170-199
037 _bBlueberry Books
040 _adpl
_bEnglish
082 _aS
245 _aBest of Buddha tales /
_cedited by Shyam Dua
260 _aDelhi
_bTiny Tot Publications
_c2008
270 _a235, Jagriti Enclave , Vikas Marg
_bDelhi
_e110092
_k22167314, 22163582
_l91-11-22143023
_mtinytotpub@hotmail.com
300 _a144 p. :
_bcol. ill.
_c25cm(Hb)
700 _aDua, Shyam
942 _2ddc
_cCH
_hS
_mBES
999 _c21844
_d21844